petr.bende pb

Hlavní autor: Bende, Petr, 1977-
Jazyk: Čeština
Vydáno: Praha : Sony BMG Music Entertainment, p2005
Témata:
Fyzický popis: 1 zvuková deska (59:05) : digital ; 12 cm + 1 brožura
Zvukové nahrávky
Uloženo v:
LEADER 01787njm a2200385 a 4500
001 000828364
003 CZ BrMZK
005 20061107101007.0
008 061010s2005 xr pp g d cze d
028 0 1 |a 8287671547 2  |b Sony BMG Music Entertainment 
040 |a BOA001  |b cze 
040 |a ABA001  |b cze 
045 |a y0y0 
072 7 |a 784  |x Vokální hudba  |2 Konspekt  |9 9 
080 |a 78.036  |2 MRF 
080 |a (086.76)  |2 MRF 
100 1 |a Bende, Petr,  |d 1977-  |7 js20050620023  |4 cmp  |4 lyr  |4 sng  |4 itr 
245 1 0 |a petr.bende pb  |h [zvukový záznam] /  |c [hudba, texty] Petr Bende 
260 |a Praha :  |b Sony BMG Music Entertainment,  |c p2005 
300 |a 1 zvuková deska (59:05) :  |b digital ;  |c 12 cm +  |e 1 brožura 
306 |a 005905 
500 |a Spoluautor hudby Radek Jelínek (3) ; spoluautor textu Radek Jelínek, Milan Cimfe, Pavel Schütz (3), Jiří Žáček (14), autor textu Michal Horáček (4) 
500 |a Texty písní v brožuře 
500 |a Kompaktní deska 
505 0 0 |t Nevinnost --  |t Ty & já --  |t Nad horú svítá --  |t Anděl perutí mách --  |t Klíč --  |t Čaroděj --  |t Mraky --  |t Vstávej --  |t Let vážkám závidím --  |t Do očí se mi dívej --  |t Řekni mi-- --  |t Mosty --  |t Chvíle --  |t Pianovka (sonata) 
511 0 |a Petr Bende, zpěv, vokály, kytary, klávesové nástroje, bicí, foukací harmonika ; doprovázejí různí instrumentalisté 
518 |a Nahráno ve studiích Sono Records, Ebony Bratislava a Music Box 
650 0 7 |a rock  |7 ph125174  |2 czenas 
650 0 7 |a populární písně  |7 ph124354  |y 2001-2010  |2 czenas 
655 7 |a kompaktní desky  |7 fd201991  |2 czenas 
910 |a BOA001  |b CD-0013.367 
990 |a AV 
995 |a 01 
991 |b 200611 
996 6 |b 261H014755  |c CD-0013.367  |l MZK  |r Sklad / do 24 hodin  |n 0  |w 000828364  |u 000010  |a 1  |e BOA001  |j MZK50  |s P